000
00316nam a22001457a 4500
008
221111b ||||| |||| 00| 0 eng d
020
_a
0691023875
041
_a
eng
080
_a
30
082
_a
30
100
_a
28.1
101
_a
HIS
245
_a
CLIMATIC HSITORY AND THE FUTURE
_c
H.H.LAMB
942
_2
udc
_c
BK
999
_c
58862
_d
58862